Quel club supporte cette célébrité ? - Statistiques

Statistiques générales
  • Ce quiz a été pris 156 fois
  • Le résultat moyen est 8 sur 20
Statistiques - réponses
Hint Réponse % Correct
Rafael Nadal Real Madrid
82%
Nicolas Sarkozy PSG
79%
Emmanuel Macron OM
76%
Roger Federer FC Bâle
69%
Orelsan SM Caen
66%
Timothée Chalamet AS Saint-Étienne
62%
Eddy Merckx Anderlecht
50%
Max Verstappen PSV
49%
Arnold Schwarzenegger Bayern Munich
48%
Ahmed Sylla FC Nantes
38%
Julien Doré Montpellier Hérault
32%
Tom Hanks Aston Villa
26%
Liam Gallagher Manchester City
26%
Jean-Luc Reichmann RC Lens
26%
Daniel Craig FC Liverpool
24%
Adele Tottenham
22%
Elton John Watford
15%
Sylvester Stallone Everton
12%
Charles III Burnley
11%
George Russell Wolves
7%
Aucun quiz correspondant
Distribution des résultats
% des personnes avec chaque résultat
Percentile par nombre de réponses
Votre historique - résultats
Vous n’avez pas pris ce quiz